000
00276nam a22001217a 4500
003
SGT
082
_a
617.69
_b
P13N
100
_a
NAIR, K CHANDRASEKRAN
245
_a
A PRIMER ON COMPLETE DENTURE PROSTHODORITICS
260
_a
INDIA
_b
APH
_c
2013
300
_a
282
942
_2
ddc
_c
BK
999
_c
14151
_d
14151